000 00895 a2200217 4500
999 _c8343
_d8343
003 GBCCL
005 20241126110648.0
008 200210b ||||| |||| 00| 0 eng d
020 _a9789351251439
020 _a9351251438
040 _cGBC
082 _a305.80095417
_bCUL
245 _aCultural practices and identity politics in Manipur/
_cedited by Lisham Henthoiba, Laishram Churchil.
260 _aNew Delhi :
_bPublished for Centre for Alternative Discourse, Manipur by Concept Publishing Company Pvt. Ltd.,
_c2015.
300 _axvii, 190 pages ;
_b23 cm
505 _aIdentity assertion and cultural practices -- A take on Manipur's economy -- Understanding resistance.
650 _aEthnicity -- India -- Manipur.
_914544
650 _aIdentity politics -- India -- Manipur.
_914545
650 _aPolitical customs and rites -- India -- Manipur.
_914546
942 _2ddc
_cBK
_013